Evénements du 26 juin - Statistiques

Statistiques générales
  • Ce quiz a été pris 34 fois
  • Le résultat moyen est 9 sur 15
Statistiques - réponses
Hint Réponse % Correct
Auguste adopte Tibère 4
100%
Richard III devient roi d'Angleterre 1483
88%
Adoption de la charte des Nations Unies 1945
71%
Indépendance de Madagascar 1960
71%
Sortie de La ruée vers l'or de Chaplin 1925
63%
Arrivée des soldats américains en France 1917
58%
Visite du président Kennedy à Berlin 1963
58%
Ouverture de la tour CN à Toronto 1976
58%
Prise de Maastricht par les Français 1673
54%
Bataille de Fleurus ET 1ère utilisation d'un ballon par les armées 1794
54%
1er vol d'un hélicoptère fonctionnel 1936
42%
Le 1er produit à recevoir un code barre ce jour-là est un paquet de chewing-gum 1974
38%
Révélation du 3e secret de Fatima par le Vatican 2000
38%
Fondation de Bangui 1889
29%
Inauguration du canal de Panama élargi 2016
29%
Aucun quiz correspondant
Distribution des résultats
% des personnes avec chaque résultat
Percentile par nombre de réponses
Votre historique - résultats
Vous n’avez pas pris ce quiz